000 00596nam a22001937a 4500
999 _c10667
_d10667
003 AR-CdUCM
008 190401b ||||| |||| 00| 0 spa d
040 _aMUNICIPALIDAD PROVINCIAL DEL CUSCO
_cBIBLIOTECA MUNICIPAL DEL CUSCO
082 _aES / 800 /
_bB32
100 _aBeecher Stowe, Harriet
_927640
245 _aLa cabaña del tío Tom /
260 _aLima :
_bFondo editorial navarrete,
300 _a127 paginas ;
_c15 cm.
505 _aContenido :La cabaña del tío Tom.
650 _aLiteratura peruana
_9169
650 _aHistorietas
_910786
942 _2ddc
_cLIBROS
945 _arum